00755nam a2200205Ia 4500952015400000999001700154003000400171005001700175008004100192020001800233040000900251082001800260100002800278245008600306250001200392260006700404300000900471650002700480942004200507 00102ddc40708MATHEMATICSaMESbMEScMATd2019-02-20g325.00l10m12o515.35 SIM/Dp34623r2024-08-19 11:30:33s2024-07-08w2019-02-20yBKzGL24R3 c32274d32274OSt20200730145839.0190216s9999||||xx |||||||||||||| ||und|| a9780070530713 coclc a515.35bSIM/D aSimmons, George F93787 0aDifferential Equations With Applications And Historical Notes /cGeorge F Simmons a2nd Ed. bTata Mcgraw-Hill Education Private Limited,c2009.aNew Delhi: a629p aDifferential Equations cBK2ddch515.35iSIM/Dk515.35mSIM/D